000 00770nam a2200229 a 4500
999 _c5704
_d5704
001 5704
003 BD-JhCC
005 20220207134017.0
008 171220s2013 bg a|||| || | 000 0 eng d
035 _a(BD-JhCC)5704
040 _aBD-JhCC
_dBD-JhCC
041 _aeng
082 _a004
_bRAH 2013
100 _aরহমান, মুজিবুর
245 _aতথ্য ও যোগাযোগ প্রযুক্তি একাদশ-দ্বাদশ শ্রেণি /
_cমুজিবুর রহমান,
260 _aঢাকা :
_bভয়েজার পাবলিকেশন্স,
_c2013.
300 _a328 p. :
_c24 cm.
650 _aComputer Science
650 _aComputer Engineering
942 _2ddc
_cBK
_08